000 00982nam a2200277 i 4500
001 67450
003 ES-MaACL
005 20230906170055.0
007 t|
008 040526s2003 sp ||||0| spa d
020 _a84-8432-476-1
040 _aM-BN
_bspa
_cM-BN
080 _a929 Arias Navarro, Carlos
080 _a94(460)"1955/75"
080 _a32(460)"1975/82"
100 1 _aTusell, Javier.
_9111767
245 1 0 _aTiempo de incertidumbre
_b: Carlos Arias Navarro entre el franquismo y la transición (1973-1976) /
_cJavier Tusell, Genoveva G. Queipo de Llano.
260 _aBarcelona :
_bCrítica,
_c[2003]
300 _aXII, 392 p., [8] p. de lám. ;
_c24 cm.
600 1 4 _aArias Navarro, Carlos.
_922794
651 4 _aEspaña-
_xHistoria-
_y1955-1975.
_98337
651 4 _aEspaña-
_xPolítica y gobierno-
_y1975-1982.
_98447
700 1 _aGarcía Queipo de Llano, Genoveva,
_d1945-
_955144
852 _aES-MaACL
_jL-27643
_bR.133336
999 _c67450
_d67450